<?xml version="1.0" encoding="UTF-8"?>
<record
    xmlns:xsi="http://www.w3.org/2001/XMLSchema-instance"
    xsi:schemaLocation="http://www.loc.gov/MARC21/slim http://www.loc.gov/standards/marcxml/schema/MARC21slim.xsd"
    xmlns="http://www.loc.gov/MARC21/slim">

  <leader>00610nam a2200169Ia 4500</leader>
  <controlfield tag="003">IN-BaIIA</controlfield>
  <controlfield tag="008">211028s9999    xx            000 0 eng d</controlfield>
  <datafield tag="020" ind1=" " ind2=" ">
    <subfield code="a">0-7503-0868-0</subfield>
  </datafield>
  <datafield tag="040" ind1=" " ind2=" ">
    <subfield code="c">IIA Library</subfield>
  </datafield>
  <datafield tag="080" ind1=" " ind2=" ">
    <subfield code="a">(038)52</subfield>
    <subfield code="b">SLO</subfield>
  </datafield>
  <datafield tag="245" ind1=" " ind2="0">
    <subfield code="a">Astronomically speaking</subfield>
    <subfield code="b">a dictionary of quotations on astronomy, mathematics, and physics</subfield>
    <subfield code="c">edited by C. Gaither and A. E. Cavazos-Gaither                                          </subfield>
  </datafield>
  <datafield tag="260" ind1=" " ind2=" ">
    <subfield code="a">Bristol</subfield>
    <subfield code="b">Institute of Physics</subfield>
    <subfield code="c">2003</subfield>
  </datafield>
  <datafield tag="300" ind1=" " ind2=" ">
    <subfield code="a">xviii, 545p.</subfield>
  </datafield>
  <datafield tag="650" ind1=" " ind2=" ">
    <subfield code="a">Astronomy - Dictionary</subfield>
    <subfield code="9">28740</subfield>
  </datafield>
  <datafield tag="700" ind1=" " ind2=" ">
    <subfield code="a">Cavazos-Gaither, A. E., ed.</subfield>
    <subfield code="9">28741</subfield>
  </datafield>
  <datafield tag="942" ind1=" " ind2=" ">
    <subfield code="c">BK</subfield>
  </datafield>
  <datafield tag="999" ind1=" " ind2=" ">
    <subfield code="c">15590</subfield>
    <subfield code="d">15590</subfield>
  </datafield>
  <datafield tag="952" ind1=" " ind2=" ">
    <subfield code="0">0</subfield>
    <subfield code="1">0</subfield>
    <subfield code="4">0</subfield>
    <subfield code="7">0</subfield>
    <subfield code="a">BAN</subfield>
    <subfield code="b">BAN</subfield>
    <subfield code="c">GEN</subfield>
    <subfield code="d">2004-01-17</subfield>
    <subfield code="e">ANJ   </subfield>
    <subfield code="g">2111.65</subfield>
    <subfield code="l">0</subfield>
    <subfield code="o">(038)52/ SLO</subfield>
    <subfield code="p">16512</subfield>
    <subfield code="r">2021-11-05</subfield>
    <subfield code="v">2111.65</subfield>
    <subfield code="w">2004-01-17</subfield>
    <subfield code="y">BK</subfield>
    <subfield code="G">Rs. 2111.65  </subfield>
  </datafield>
</record>
